Autos sacramentales
Uloženo v:
| Hlavní autor: | |
|---|---|
| Médium: | Kniha |
| Jazyk: | španělština |
| Vydáno: |
Zaragoza
Ebro
1976
|
| Vydání: | 9a. ed |
| Edice: | Biblioteca Clásica Ebro. Clásicos Españoles, 15
|
| Témata: | |
| Tagy: |
Přidat tag
Žádné tagy, Buďte první, kdo vytvoří štítek k tomuto záznamu!
|
MARC
| LEADER | 00000nam a2200000 a 4500 | ||
|---|---|---|---|
| 001 | UCQ1946 | ||
| 003 | CL-VaPUC | ||
| 008 | 980721e19760000SP |||||||||||||||||spa|d | ||
| 082 | 0 | 4 | |a 862 |b CAL |2 21 |
| 100 | 0 | |a Calderón de la Barca, Pedro |e author |9 316207 | |
| 245 | 1 | 0 | |a Autos sacramentales |
| 250 | |a 9a. ed | ||
| 300 | |a 2 v | ||
| 942 | |c BK | ||
| 945 | |d 19980721 00:00:00 |a lriquelm | ||
| 260 | |a Zaragoza |b Ebro |c 1976 | ||
| 500 | |a v.1: El gran teatro del mundo, La devoción de la misa | ||
| 650 | 0 | |a Dramas españoles |9 267081 | |
| 650 | 0 | |a Literatura española |9 306261 | |
| 583 | |a last modification |c 19980721 00:00:00 |k Rodrigo Vera | ||
| 490 | 0 | |a Biblioteca Clásica Ebro. Clásicos Españoles, 15 | |
| 999 | |c 272789 |d 272787 | ||
| 952 | |0 0 |1 0 |4 0 |6 862_000000000000000_CAL_1976 |7 0 |8 A |9 307947 |a BIBEDU |b BIBEDU |d 2019-11-20 |h v.1 |i 1438220 |l 3 |o 862 CAL 1976 |p 1438220 |r 2022-10-26 |s 2022-09-22 |w 2019-11-20 |y BK |k LIT | ||